<?xml version="1.0" encoding="UTF-8"?>
<record
    xmlns:xsi="http://www.w3.org/2001/XMLSchema-instance"
    xsi:schemaLocation="http://www.loc.gov/MARC21/slim http://www.loc.gov/standards/marcxml/schema/MARC21slim.xsd"
    xmlns="http://www.loc.gov/MARC21/slim">

  <leader>00600nam a22001937a 4500</leader>
  <controlfield tag="003">BDDh-ASL</controlfield>
  <controlfield tag="005">20231015031015.0</controlfield>
  <controlfield tag="008">220918n        ii ||||| |||| 00| 0 urd d</controlfield>
  <datafield tag="040" ind1=" " ind2=" ">
    <subfield code="a">BDDh-ASL</subfield>
    <subfield code="c">BDDh-ASL</subfield>
  </datafield>
  <datafield tag="041" ind1=" " ind2=" ">
    <subfield code="a">urd</subfield>
  </datafield>
  <datafield tag="082" ind1=" " ind2=" ">
    <subfield code="a">297</subfield>
    <subfield code="b">BAR</subfield>
  </datafield>
  <datafield tag="100" ind1="1" ind2=" ">
    <subfield code="9">6526</subfield>
    <subfield code="a">Baqir, Molla Mohammad </subfield>
  </datafield>
  <datafield tag="245" ind1="1" ind2="0">
    <subfield code="a">Risalae Hidayatud Dalil Ila Sawais Sabil : / &#x631;&#x633;&#x627;&#x644;&#x6C1; &#x6BE;&#x62F;&#x627;&#x64A;&#x6C3; &#x627;&#x644;&#x636;&#x644;&#x64A;&#x644; &#x627;&#x644;&#x6CC; &#x633;&#x648;&#x627;&#x621; &#x627;&#x644;&#x633;&#x628;&#x64A;&#x644; </subfield>
  </datafield>
  <datafield tag="246" ind1=" " ind2=" ">
    <subfield code="a">Milad Sharif : / &#x645;&#x64A;&#x644;&#x627;&#x62F; &#x634;&#x631;&#x64A;&#x641; </subfield>
  </datafield>
  <datafield tag="260" ind1=" " ind2=" ">
    <subfield code="a">Lahore : </subfield>
    <subfield code="b">Shihabun Saqib Press, </subfield>
  </datafield>
  <datafield tag="300" ind1=" " ind2=" ">
    <subfield code="a">15 p. : </subfield>
    <subfield code="c">23 cm. </subfield>
  </datafield>
  <datafield tag="650" ind1=" " ind2="0">
    <subfield code="9">1652</subfield>
    <subfield code="a">Islam </subfield>
  </datafield>
  <datafield tag="942" ind1=" " ind2=" ">
    <subfield code="2">ddc</subfield>
    <subfield code="c">BK</subfield>
  </datafield>
  <datafield tag="952" ind1=" " ind2=" ">
    <subfield code="0">0</subfield>
    <subfield code="1">0</subfield>
    <subfield code="2">ddc</subfield>
    <subfield code="4">0</subfield>
    <subfield code="7">1</subfield>
    <subfield code="8">NFIC</subfield>
    <subfield code="a">ASL</subfield>
    <subfield code="b">ASL</subfield>
    <subfield code="c">GEN</subfield>
    <subfield code="d">2022-09-18</subfield>
    <subfield code="e">ASB Collections</subfield>
    <subfield code="h">U-0835-A</subfield>
    <subfield code="l">0</subfield>
    <subfield code="o">297 BAR</subfield>
    <subfield code="p">117409</subfield>
    <subfield code="r">2022-09-18 00:00:00</subfield>
    <subfield code="t">C-1</subfield>
    <subfield code="w">2022-09-18</subfield>
    <subfield code="y">BK</subfield>
    <subfield code="z">Y-0000</subfield>
  </datafield>
  <datafield tag="999" ind1=" " ind2=" ">
    <subfield code="c">29217</subfield>
    <subfield code="d">29217</subfield>
  </datafield>
</record>
